00699nam a2200241 a 4500001001300000003000900013005001700022008004100039020001000080082001800090100003000108245002200138260004700160300001000207500003500217505001000252650001700262700003000279902000800309942000700317952011800324999001500442nice12345678IN_TiNIC20260116011400.0050524s1315 egya grp 000 0 ara  ac10000a297.1221bNIS aNishapuri, Abul Hasan Ali aAsbaab-Un-Nuzool. aEgyptbMatbata Hindia Fi Ghiz Alnubic1315 a348p. aincludes index and biblioraphy2 aIndex aQuran-Origin1 aNishapuri, Abul Hasan Ali bRBA cBK 001040708RareBook->aHMIbHMId2007-07-30g100.00l0o297.1221 NISp00178r2007-07-30v100.00w2005-05-24yBK c1043d1043